[Event "FAI-ch Landslidsbolkur"]
[Site "Klaksvik"]
[Date "2021.04.01"]
[Round "6"]
[White "Nolsoe, Rani"]
[Black "Johansen, Haldur Suni"]
[Result "1/2-1/2"]
[WhiteElo "2068"]
[BlackElo "1997"]
[PlyCount "43"]
[EventDate "2021.03.27"]
[EventType "tourn"]
[EventRounds "7"]
[EventCountry "FAI"]
[SourceTitle "CBM 201 Extra"]
[Source "ChessBase"]
[SourceDate "2021.05.31"]
[SourceVersion "1"]
[SourceVersionDate "2021.05.31"]
[SourceQuality "1"]

1. e4 c5 2. Nf3 d6 3. d4 cxd4 4. Nxd4 Nf6 5. Nc3 a6 6. Bg5 e6 7. f4 b5 8. e5 dxe5 9. fxe5 Qc7 10. exf6 Qe5+ 11. Be2 Qxg5 12. 0-0 Ra7 13. Qd3 Rd7 14. Ne4 Qe5 15. c3 Bb7 16. Bf3 Bxe4 17. Bxe4 gxf6 18. Rae1 Bc5 19. Kh1 Bxd4 20. cxd4 Qxd4 21. Qg3 Ke7 22. Bf5 1/2-1/2

[Event "FAI-chT 1617"]
[Site "Faroe Islands"]
[Date "2016.11.13"]
[Round "3.3"]
[White "Johansen, Haldur Suni"]
[Black "Mortensen, Rogvi"]
[Result "0-1"]
[WhiteElo "2017"]
[BlackElo "1863"]
[PlyCount "54"]
[EventDate "2016.10.23"]
[EventType "team-tourn"]
[EventRounds "10"]
[EventCountry "FAI"]
[SourceTitle "EXT 2020"]
[Source "ChessBase"]
[SourceDate "2019.10.17"]
[SourceVersion "1"]
[SourceVersionDate "2019.10.17"]
[SourceQuality "1"]
[WhiteTeam "Klaksvik"]
[BlackTeam "Havnin II"]
[WhiteTeamCountry "FAI"]
[BlackTeamCountry "FAI"]

1. e4 e6 2. d4 d5 3. Nc3 Nf6 4. Bg5 Be7 5. e5 Nfd7 6. h4 0-0 7. Qg4 f6 8. Be3 f5 9. Qg3 c5 10. Nf3 cxd4 11. Nxd4 Nc5 12. f3 Nc6 13. 0-0-0 a6 14. Bh6 Rf7 15. Nxf5 exf5 16. Nxd5 Kh8 17. Bg5 Qa5 18. Nxe7 Nxe7 19. Bc4 Be6 20. Bxe6 Nxe6 21. Rd6 Qxa2 22. Rhd1 Nc6 23. c3 Rc8 24. Qe1 Qa1+ 25. Kc2 Nb4+ 26. Kb3 Qa2+ 27. Kxb4 Rc4# 0-1

[Event "FAI-chT 1415"]
[Site "Faroe Islands"]
[Date "2015.01.24"]
[Round "8.2"]
[White "Johansen, Haldur Suni"]
[Black "Nielsen, Hogni Egilstoft"]
[Result "0-1"]
[WhiteElo "2033"]
[BlackElo "2273"]
[PlyCount "88"]
[EventDate "2014.10.26"]
[EventType "team-tourn"]
[EventRounds "10"]
[EventCountry "FAI"]
[SourceTitle "EXT 2019"]
[Source "ChessBase"]
[SourceDate "2018.10.10"]
[SourceVersion "1"]
[SourceVersionDate "2018.10.10"]
[SourceQuality "1"]
[WhiteTeam "Klaksvik II"]
[BlackTeam "Sandavagur"]
[WhiteTeamCountry "FAI"]
[BlackTeamCountry "FAI"]

1. e4 e5 2. Nc3 Bc5 3. f4 d6 4. Nf3 Nc6 5. Bb5 Bg4 6. h3 Bxf3 7. Qxf3 Nge7 8. Nd5 exf4 9. c3 a6 10. Bxc6+ bxc6 11. Nxe7 Qxe7 12. d4 Qh4+ 13. Qf2 Qxf2+ 14. Kxf2 Ba7 15. Bxf4 c5 16. Be3 Rb8 17. b3 cxd4 18. Bxd4 Bxd4+ 19. cxd4 Kd7 20. Rac1 Rhe8 21. Rhe1 Rb4 22. Ke3 c5 23. Rc4 Rxc4 24. bxc4 Rb8 25. Kd3 Rb2 26. Re2 Rb4 27. e5 Ra4 28. exd6 Ra3+ 29. Ke4 Kxd6 30. Rb2 f5+ 31. Kxf5 cxd4 32. Rb8 Kc5 33. Rc8+ Kb4 34. Ke4 Rxa2 35. Kxd4 Rd2+ 36. Ke4 Rxg2 37. Kd5 Rd2+ 38. Ke6 Rd3 39. c5 Kb5 40. c6 Kb6 41. Kf7 g5 42. Kf6 h6 43. Ke5 Rxh3 44. Kd4 Rh1 0-1